Wages, profit, taxation studies on controversial issues of the political economy of capitalism

Salvato in:
Dettagli Bibliografici
Autore principale: Erdös, Péter
Altri autori: Hajdu, Gy
Natura: Libro
Lingua:inglese
Pubblicazione: Budapest Akadémiai Kiadó 1982
Tags: Aggiungi Tag
Nessun Tag, puoi essere il primo ad aggiungerne!!

MARC

LEADER 00000nam a2200000 4500
001 c127245
005 20041019155240.2
041 0 |a eng 
044 |a HU 
245 1 0 |a Wages, profit, taxation  |b studies on controversial issues of the political economy of capitalism  |c Péter Erdös ; [Translated from the Hungarian by Gy. Hajdu] 
264 1 |a Budapest  |b Akadémiai Kiadó  |c 1982 
300 |a 518 s. 
100 1 |a Erdös, Péter 
700 1 |a Hajdu, Gy.